Random Friends Knowledge #3 - Statistics

General Stats
  • This quiz has been taken 180 times
  • The average score is 9 of 15
Answer Stats
Question Answer % Correct
Who plays the Rachel hating character of Will in the season 8 Thanksgiving episode? Brad Pitt
91%
Finish this quote: "Welcome to the real world! It sucks. You're gonna..." Love it
88%
What animal does Phoebe say "fall in love and mate for life?" Lobster
81%
What is Joey dressed as when Ben spends Christmas/Hanukkah with Ross? Superman
79%
What is the name of Chandler's dad's Las Vegas show? Viva Las Gaygas
77%
How many Outstanding Comedy Series Emmy awards did Friends win? 1
76%
Where is Janine from? Australia
72%
And what is the name of the Geller family dog that Ross thought actually went to live his golden years in a farm? Chi-Chi
57%
In Rachel's infamous dessert, she accidently combines a traditional English trifle with... what? Shepherd's pie
57%
Marta Kauffman
52%
Whose father actually starred in Days of Our Lives? Jennifer Aniston's
41%
Where does Mike propose to Phoebe for the first time? Barbados
37%
What is the name of Rachel's family dog that dies in season 5? LaPooh
37%
In the opening credits, who are credited as the creators of the show? David Crane
32%
What is the actual name of what Joey's short term room mate/girlfriend Janine calls 'Dick'n Rock'n Dickie Eve'? Dick Clark's New Year's Rocking Eve
25%
No matching quizzes found
Score Distribution
Percent of People with Each Score
Percentile by Number Answered
Your Score History
You have not taken this quiz